South Eastern Kenya University

Library Online Public Access Catalogue


Oxford handbook of acute medicine / (Record no. 12517)

MARC details
000 -LEADER
fixed length control field 02318cam a22004574a 4500
001 - CONTROL NUMBER
control field 16135139
003 - CONTROL NUMBER IDENTIFIER
control field OSt
005 - DATE AND TIME OF LATEST TRANSACTION
control field 20160407160506.0
008 - FIXED-LENGTH DATA ELEMENTS--GENERAL INFORMATION
fixed length control field 100310s2010 enkaf f 001 0 eng
010 ## - LIBRARY OF CONGRESS CONTROL NUMBER
LC control number 2010010194
015 ## - NATIONAL BIBLIOGRAPHY NUMBER
National bibliography number GBA9B0756
Source bnb
016 7# - NATIONAL BIBLIOGRAPHIC AGENCY CONTROL NUMBER
Record control number 101526182
Source DNLM
016 7# - NATIONAL BIBLIOGRAPHIC AGENCY CONTROL NUMBER
Record control number 015421073
Source Uk
020 ## - INTERNATIONAL STANDARD BOOK NUMBER
International Standard Book Number 9780199230921 (alk. paper)
020 ## - INTERNATIONAL STANDARD BOOK NUMBER
International Standard Book Number 0199230927 (alk. paper)
035 ## - SYSTEM CONTROL NUMBER
System control number (OCoLC)ocn467748369
040 ## - CATALOGING SOURCE
Original cataloging agency SEKU
042 ## - AUTHENTICATION CODE
Authentication code pcc
050 00 - LIBRARY OF CONGRESS CALL NUMBER
Classification number RC 86.8
Item number .R3 2010
060 10 - NATIONAL LIBRARY OF MEDICINE CALL NUMBER
Classification number WB 39
Item number R177o 2010
082 00 - DEWEY DECIMAL CLASSIFICATION NUMBER
Classification number 616/.025
Edition number 22
100 1# - MAIN ENTRY--PERSONAL NAME
Personal name Ramrakha, Punit S.
245 10 - TITLE STATEMENT
Title Oxford handbook of acute medicine /
Statement of responsibility, etc. Punit S. Ramrakha, Kevin P. Moore, Amir Sam.
246 13 - VARYING FORM OF TITLE
Title proper/short title Handbook of acute medicine
250 ## - EDITION STATEMENT
Edition statement 3rd ed.
260 ## - PUBLICATION, DISTRIBUTION, ETC. (IMPRINT)
Place of publication, distribution, etc. Oxford ;
-- New York :
Name of publisher, distributor, etc. Oxford University Press,
Date of publication, distribution, etc. 2010.
300 ## - PHYSICAL DESCRIPTION
Extent xxxvii, 869 p., [4] p. of plates :
Other physical details ill. (some col.) ;
Dimensions 19 cm.
490 1# - SERIES STATEMENT
Series statement Oxford handbooks
490 1# - SERIES STATEMENT
Series statement Oxford medical publications
500 ## - GENERAL NOTE
General note Includes index.
520 ## - SUMMARY, ETC.
Summary, etc. "The best-selling Oxford Handbook of Acute Medicine is an up-to-date, practical and comprehensive guide to the management of the acutely ill patient.This third edition has been revised throughout to include the most up-to-date guidelines and treatment management plans. A new junior author ensures that the content remains relevant and accessible to all medics approaching acute medicine for the first time. This edition includes a new chapter which focuses on common presentations, and quick reference boxes throughout highlight top priorities in the management of each condition. The section on practical procedures has also been expanded to include core competencies for the Foundation Programme.With brand new figures and clinical tips from the experienced authors, the third edition of the Oxford Handbook of Acute Medicine remains the must-have resource for all those dealing with acute illness"--Provided by publisher.
650 #0 - SUBJECT ADDED ENTRY--TOPICAL TERM
Topical term or geographic name as entry element Medical emergencies
Form subdivision Handbooks, manuals, etc.
650 12 - SUBJECT ADDED ENTRY--TOPICAL TERM
Topical term or geographic name as entry element Emergencies
Form subdivision Handbooks.
650 22 - SUBJECT ADDED ENTRY--TOPICAL TERM
Topical term or geographic name as entry element Critical Care
General subdivision methods
Form subdivision Handbooks.
650 22 - SUBJECT ADDED ENTRY--TOPICAL TERM
Topical term or geographic name as entry element Emergency Medicine
Form subdivision Handbooks.
700 1# - ADDED ENTRY--PERSONAL NAME
Personal name Moore, Kevin P.
700 1# - ADDED ENTRY--PERSONAL NAME
Personal name Sam, Amir H.
830 #0 - SERIES ADDED ENTRY--UNIFORM TITLE
Uniform title Oxford handbooks.
830 #0 - SERIES ADDED ENTRY--UNIFORM TITLE
Uniform title Oxford medical publications.
942 ## - ADDED ENTRY ELEMENTS (KOHA)
Source of classification or shelving scheme Library of Congress Classification
Koha item type General circulation
Holdings
Withdrawn status Lost status Source of classification or shelving scheme Damaged status Not for loan Home library Current library Shelving location Date acquired Source of acquisition Total Checkouts Total Renewals Full call number Barcode Date last seen Date last checked out Price effective from Koha item type Public note
    Library of Congress Classification     Main Campus Library Main Campus Library General Stacks 07/04/2016 Purchase 3 1 RC 86.8 .R3 2010 2016/016325 21/05/2021 21/04/2021 07/04/2016 General circulation stv
    Library of Congress Classification     Main Campus Library Main Campus Library General Stacks 07/04/2016 Purchase     RC 86.8 .R3 2010 2016/016324 07/04/2016   07/04/2016 General circulation stv
Kitui, Kenya.
+254736116989
library@seku.ac.ke